000 00312nam a2200133Ia 4500
008 240624s9999 xx 000 0 und d
041 _aeng
082 _a382 RAO
100 _aRAO P K
245 _aWTO TEXT AND CASES
260 _c2005
_aNew Delhi
_bExcel Books
300 _axiii, : 512 : cm. ; 24
365 _cRS
999 _c2372
_d2372